Names for Cities - Sudden Death - Statistics

General Stats
  • This quiz has been taken 225 times
  • The average score is 10 of 16
Answers on the Grid
Answers color-coded by a green-red scale on the quiz's grid according to % correct below.
Alexandria
Madison
Jessica
Victoria
Peter
Roger
Aurora
Austin
Charlotte
Louis
Leon
Sydney
Bridget
Veronica
Gabriel
Samira
Regina
Darwin
Brady
Adrian
Peggy
Jasper
Gary
Florence
Santiago
Eric
Hans
Jackson
Oliver
Eugene
Mary
Libby
 
Answer Stats
Answer % Correct
Alexandria
92%
Sydney
86%
Austin
82%
Charlotte
81%
Madison
80%
Victoria
76%
Florence
73%
Santiago
73%
Jackson
64%
Darwin
63%
Regina
54%
Aurora
52%
Gary
51%
Eugene
49%
Leon
44%
Mary
11%
No matching quizzes found
Score Distribution
Percent of People with Each Score
Percentile by Number Answered
Your Score History
You have not taken this quiz